Отопление и теплоснабжение машиностроительных заводов. Использование вторичных энергетических ресурсов: учебное пособие для слушателей заочных курсов повышения квалификации

Chi tiết về thư mục
Tác giả chính: Павлов Н. Н. Николай Николаевич
Tác giả của công ty: Научно-техническое общество машиностроительной промышленности Центральное правление
Tác giả khác: Ковков С. С. Станислав Сергеевич
Ngôn ngữ:Tiếng Nga
Được phát hành: Москва, Машиностроение, 1979
Loạt:Университет технического прогресса в машиностроении
Những chủ đề:
Định dạng: Sách
KOHA link:https://koha.lib.tpu.ru/cgi-bin/koha/opac-detail.pl?biblionumber=366785

MARC

LEADER 00000nam0a2200000 4500
001 366785
005 20231102011921.0
035 |a (RuTPU)RU\TPU\retro\24148 
090 |a 366785 
100 |a 20220218d1979 m y0rusy50 ca 
101 0 |a rus 
102 |a RU 
105 |a a j 001zy 
200 1 |a Отопление и теплоснабжение машиностроительных заводов. Использование вторичных энергетических ресурсов  |e учебное пособие для слушателей заочных курсов повышения квалификации  |f Н. Н. Павлов, С. С. Ковков  |g Научно-техническое общество машиностроительной промышленности, Центральное правление 
210 |a Москва  |c Машиностроение  |d 1979 
215 |a 32 с.  |c ил. 
225 1 |a Университет технического прогресса в машиностроении 
320 |a Библиогр.: с. 31 
606 1 |a Машиностроительные заводы  |x Отопление  |2 stltpush  |3 (RuTPU)RU\TPU\subj\80608  |9 88249 
610 1 |a теплоснабжение 
610 1 |a вторичные энергетические ресурсы 
610 1 |a использование 
610 1 |a учебные пособия 
675 |a 621.002:628(075.9)  |v 4 
700 1 |a Павлов  |b Н. Н.  |g Николай Николаевич 
701 1 |a Ковков  |b С. С.  |g Станислав Сергеевич 
712 0 2 |a Научно-техническое общество машиностроительной промышленности  |b Центральное правление  |f (1955-1985)  |2 stltpush  |3 (RuTPU)RU\TPU\col\21679  |9 28102 
801 1 |a RU  |b 63413507  |c 20220216 
801 2 |a RU  |b 63413507  |c 20220218  |g RCR 
942 |c BK